| 000 | 00987nam0a2200289 4500 | ||
|---|---|---|---|
| 001 | RU\NLR\bibl\1207955 | ||
| 005 | 20250615103718.0 | ||
| 010 |
_a978-5-353-02340-1 _97000 |
||
| 021 |
_aRU _b2008-7721 _9417 |
||
| 035 | _a(NLR Aleph) 001194397 | ||
| 090 |
_a1737623 _c1737623 |
||
| 100 | _a20080331d2007 |||y0rusy50 ca | ||
| 101 | 1 |
_arus _cita |
|
| 102 | _aRU | ||
| 105 | _aa ||||||||| | ||
| 200 | 1 |
_aКнига увлекательных занятий для девочек _f[текст Мария Кьяра Бетацци _gпер. с итал. Н.В. Кротковой] |
|
| 210 |
_aМосква _cРосмэн _cРосмэн-Пресс _d2007 |
||
| 215 |
_a111 с. _cцв. ил. _d27 |
||
| 300 | _aАвт. указан в вып. дан. | ||
| 686 |
_aШ9 _bН99 |
||
| 700 | 1 |
_aБетацци _bМ. К. _gМария Кьяра _4070 |
|
| 801 | 0 |
_aRU _bNLR _c20060720 _grcr |
|
| 801 | 1 |
_aRU _bNLR _c20060720 |
|
| 942 | _cBOOK | ||
| 980 | _aNB | ||